| 000 | 00351nam a2200133Ia 4500 | ||
|---|---|---|---|
| 008 | 210210b1973 xxu||||| |||| 00| 0 eng d | ||
| 082 | _a307.76 HERU | ||
| 100 | _aHERBERT (David). | ||
| 245 | _aUrban geography a social perspective. | ||
| 260 |
_aNew York. _bPraeger Publishers., _c1973 |
||
| 300 | _a320 | ||
| 690 | _aUrban Sociology | ||
| 906 | _a041813 | ||
| 999 |
_c91767 _d91767 |
||